000 00979nam a22003137a 4500
003 CHAP
005 20220329141101.0
008 971013s1991 r 00010 d
010 _a62345
011 _a63317
035 _a67493
040 _cCHAP
082 _a581.1
_bB4
100 0 0 _aBell, Adrian D.
_911343
245 _aPlant form
_b: an illustrated guide to flowering plant morphology
260 _aOxford :
_bOxford University,
_c1991
300 _a341 p.
_b: ilus.
590 _aBATCH-UPD
_b10
_c20130110
_lUCH01
_h0450
590 _aBATCH-UPD
_b10
_c20130410
_lUCH01
_h0127
590 _aBATCH-UPD
_b10
_c20130914
_lUCH01
_h0557
590 _aCONVERSION
_b10
_c20130109
_lUCH01
_h1333
650 1 4 _aFisiología vegetal.
_941136
650 1 4 _aMorfología vegetal.
_978772
650 1 4 _aPlantas
_xFloración.
_988841
700 0 _aBryan, Alan.
_915821
901 _aBK
942 _cLIBRO
949 _a581.1 B4
_bBC
_cC
_d33724000632865
_eC
_gI. 185421
_h91928
_i67493
_si
_t278.85
999 _c62345
_d62345